000 00499nam a2200193Ia 4500
003 0100
008 130303s9999 xx 000 0 und d
040 _cARRUPELIB
050 _aJA83.D5 1974
100 _aDiggs, B.J. (ed)
245 4 _aThe State, Justice and the Common Good
245 _bAn Introduction to Social and Political Philosophy
260 _aGlenview, Illinois
260 _bScott, Foresman and Company Inc
260 _C1974
300 _a246p
650 _bLife
942 0 0 _08
999 _c30624
_d30624